Matematické modelovanie výroby prírodných aróm v systéme dvoch membránových bioreaktorov
Uložené v:
| Hlavný autor: | |
|---|---|
| Ďalší autori: | |
| Médium: | Rukopis Kniha |
| Jazyk: | Slovak |
| Vydavateľské údaje: |
2019
|
| Predmet: | |
| On-line prístup: | http://is.stuba.sk/zp/portal_zp.pl?podrobnosti=143210 |
| Tagy: |
Žiadne tagy, Buďte prvý, kto otaguje tento záznam!
|
MARC
| LEADER | 00000ntm a22000003a 4500 | ||
|---|---|---|---|
| 001 | stuzp74808 | ||
| 003 | SK-STU | ||
| 005 | 20190601211738.7 | ||
| 007 | ta | ||
| 008 | 150427s2015----xo-----f-mn---000-0-slo-d | ||
| 040 | |a STU |b slo | ||
| 041 | 0 | |a slo | |
| 100 | 1 | |a Vavro, Matej |u 046230 |k Z4 |4 aut |U FCHPT Ústav chemického a environmentálneho inžinierstva |T FCHPT Oddelenie chemického a biochemického inžinierstva |X 76896 |U C6230 |Y 119 |7 76896 | |
| 242 | 0 | 1 | |a Mathematical modelling of natural aroma production in system of two membrane bioreactors |y eng |
| 245 | 1 | 0 | |a Matematické modelovanie výroby prírodných aróm v systéme dvoch membránových bioreaktorov |
| 260 | |c 2019 | ||
| 650 | 4 | |a membránová extrakcia |2 slo | |
| 650 | 4 | |a prírodné arómy |2 slo | |
| 650 | 4 | |a biotransformácia |2 slo | |
| 650 | 4 | |a 2-fenyletanol |2 slo | |
| 650 | 4 | |a fenylacetaldehyd |2 slo | |
| 650 | 4 | |a hybridný systém |2 slo | |
| 650 | 4 | |a biotransformation |2 eng | |
| 650 | 4 | |a 2-phenylethanol |2 eng | |
| 650 | 4 | |a phenylacetaldehyde |2 eng | |
| 650 | 4 | |a hybrid system |2 eng | |
| 650 | 4 | |a membrane extraction |2 eng | |
| 650 | 4 | |a natural aromas |2 eng | |
| 700 | 1 | |a Mihaľ, Mário |u 046230 |k Z1 |4 ths |U FCHPT Ústav chemického a environmentálneho inžinierstva |T FCHPT Oddelenie chemického a biochemického inžinierstva |X 21569 |U C6230 |Y 119 |7 A0000021569 | |
| 856 | 4 | |u http://is.stuba.sk/zp/portal_zp.pl?podrobnosti=143210 | |